00363nam a2200133Ia 4500008004100000041000800041082001500049100001800064245004900082260004100131300000800172365001700180700003200197230718s9999 xx 000 0 und d aeng a519.4bSHI aShilling R.S. aApplied Numerical Methods Using Matlab And C c2001bBrooks/Cole Publishing Company a715 cRs.b1166.10 aShilling R.S. & Harris S.L.